| 000 | 00356nam a2200121Ia 4500 | ||
|---|---|---|---|
| 008 | 220615s9999||||xx |||||||||||||| ||und|| | ||
| 245 | 0 | _aAdenoviruses | |
| 546 | _aEnglish[eng] | ||
| 650 | _aMedical microbiology & virology | ||
| 700 | _aDesheva, Yulia | ||
| 856 | _uhttps://mts.intechopen.com/storage/books/7286/authors_book/authors_book.pdf | ||
| 942 | _cEB | ||
| 999 |
_c18464 _d18464 |
||